Water Resources and Agricultural Development in the Tropics/ (Record no. 1105)
[ view plain ]
| 000 -LEADER | |
|---|---|
| fixed length control field | 00567nam a22001817a 4500 |
| 003 - CONTROL NUMBER IDENTIFIER | |
| control field | OSt |
| 005 - DATE AND TIME OF LATEST TRANSACTION | |
| control field | 20240328135802.0 |
| 008 - FIXED-LENGTH DATA ELEMENTS--GENERAL INFORMATION | |
| fixed length control field | 240328b |||||||| |||| 00| 0 eng d |
| 020 ## - INTERNATIONAL STANDARD BOOK NUMBER | |
| International Standard Book Number | 9780582301375 |
| 040 ## - CATALOGING SOURCE | |
| Original cataloging agency | KMU |
| Language of cataloging | eng |
| Transcribing agency | KMU |
| Modifying agency | KMU |
| Description conventions | RDA |
| 050 ## - LIBRARY OF CONGRESS CALL NUMBER | |
| Classification number | S994.5.W3 |
| 100 ## - MAIN ENTRY--PERSONAL NAME | |
| Personal name | Barrow Chris |
| 245 ## - TITLE STATEMENT | |
| Title | Water Resources and Agricultural Development in the Tropics/ |
| Statement of responsibility, etc. | Chris Barrow |
| 260 ## - PUBLICATION, DISTRIBUTION, ETC. | |
| Place of publication, distribution, etc. | England: |
| Name of publisher, distributor, etc. | Longman Scientific and Technical, |
| Date of publication, distribution, etc. | 1987. |
| 300 ## - PHYSICAL DESCRIPTION | |
| Extent | xiii, 356p.: |
| Other physical details | ill; |
| Dimensions | 21cm. |
| 504 ## - BIBLIOGRAPHY, ETC. NOTE | |
| Bibliography, etc. note | Includes bibliographic references and an index. |
| 942 ## - ADDED ENTRY ELEMENTS (KOHA) | |
| Source of classification or shelving scheme | Library of Congress Classification |
| Koha item type | Non-Fiction |
| Suppress in OPAC | No |
| Withdrawn status | Lost status | Source of classification or shelving scheme | Damaged status | Not for loan | Collection | Home library | Current library | Shelving location | Date acquired | Source of acquisition | Total Checkouts | Total Renewals | Full call number | Barcode | Date last seen | Date last checked out | Price effective from | Koha item type |
|---|---|---|---|---|---|---|---|---|---|---|---|---|---|---|---|---|---|---|
| Library of Congress Classification | Non-fiction | Kapasa Makasa University | Kapasa Makasa University | Open Access | 28.03.2024 | CBU | 1 | 2 | S 994.5.W3 Bar | 727011 | 26.09.2024 | 03.09.2024 | 28.03.2024 | Non-Fiction |